Central Library OPAC University of Rajshahi
Normal view MARC view

Entry Personal Name

Number of records used in: 2

001 - CONTROL NUMBER

  • control field: 12594

003 - CONTROL NUMBER IDENTIFIER

  • control field: BD-RjUL

005 - DATE AND TIME OF LATEST TRANSACTION

  • control field: 20240416150846.0

008 - FIXED-LENGTH DATA ELEMENTS

  • fixed length control field: 240416|| aca||aabn | a|a d

040 ## - CATALOGING SOURCE

  • Original cataloging agency: BD-RjUL
  • Transcribing agency: BD-RjUL

100 ## - HEADING--PERSONAL NAME

  • Personal name: Mo, Yun-suk,
  • Dates associated with a name: 1909-

670 ## - SOURCE DATA FOUND

  • Source citation: Work cat.: (BD-RjUL)83513: Mo, Yun-suk, 1909-, Wren's elegy /, c1980.